<?xml version="1.0" encoding="UTF-8"?>
<collection xmlns="http://www.loc.gov/MARC21/slim">
 <record>
  <leader>03380nas a22005297a 4500</leader>
  <controlfield tag="001">000071999</controlfield>
  <controlfield tag="003">CZ-PrVSE</controlfield>
  <controlfield tag="005">20230203135111.0</controlfield>
  <controlfield tag="007">ta</controlfield>
  <controlfield tag="008">031105c19379999gw qr-p r     0   a0ger d</controlfield>
  <datafield tag="022" ind1=" " ind2=" ">
   <subfield code="a">0340-1707</subfield>
   <subfield code="l">0340-1707</subfield>
  </datafield>
  <datafield tag="040" ind1=" " ind2=" ">
   <subfield code="a">ABA006</subfield>
   <subfield code="b">cze</subfield>
   <subfield code="c">ABA006</subfield>
   <subfield code="d">ABA006</subfield>
  </datafield>
  <datafield tag="072" ind1=" " ind2="7">
   <subfield code="a">33</subfield>
   <subfield code="x">Ekonomie</subfield>
   <subfield code="2">Konspekt</subfield>
   <subfield code="9">4</subfield>
  </datafield>
  <datafield tag="072" ind1=" " ind2="9">
   <subfield code="a">330</subfield>
   <subfield code="x">Economics</subfield>
   <subfield code="2">Conspectus</subfield>
   <subfield code="9">4</subfield>
  </datafield>
  <datafield tag="080" ind1=" " ind2=" ">
   <subfield code="a">33:001.891</subfield>
   <subfield code="2">MRF_2003</subfield>
  </datafield>
  <datafield tag="080" ind1=" " ind2=" ">
   <subfield code="a">33</subfield>
   <subfield code="2">MRF_2014</subfield>
  </datafield>
  <datafield tag="080" ind1=" " ind2=" ">
   <subfield code="a">(051)-027.561</subfield>
   <subfield code="2">MRF_2003</subfield>
  </datafield>
  <datafield tag="245" ind1="0" ind2="0">
   <subfield code="a">Vierteljahrshefte zur Wirtschaftsforschung /</subfield>
   <subfield code="c">Deutsches Institut für Wirtschaftsforschung, (Institut für Konjunkturforschung)</subfield>
  </datafield>
  <datafield tag="260" ind1=" " ind2=" ">
   <subfield code="a">Berlin :</subfield>
   <subfield code="b">Duncker und Humblot,</subfield>
   <subfield code="c">1937-</subfield>
  </datafield>
  <datafield tag="310" ind1=" " ind2=" ">
   <subfield code="a">4x ročně</subfield>
  </datafield>
  <datafield tag="588" ind1=" " ind2=" ">
   <subfield code="a">Popsáno podle: Erstes Heft, 1966</subfield>
   <subfield code="5">CZ-PrVSE</subfield>
  </datafield>
  <datafield tag="650" ind1="0" ind2="7">
   <subfield code="a">ekonomický výzkum</subfield>
   <subfield code="7">ph119836</subfield>
   <subfield code="2">czenas</subfield>
  </datafield>
  <datafield tag="650" ind1="0" ind2="7">
   <subfield code="a">ekonomie</subfield>
   <subfield code="7">ph114430</subfield>
   <subfield code="2">czenas</subfield>
  </datafield>
  <datafield tag="655" ind1=" " ind2="7">
   <subfield code="a">odborné časopisy</subfield>
   <subfield code="7">fd132951</subfield>
   <subfield code="2">czenas</subfield>
  </datafield>
  <datafield tag="650" ind1="0" ind2="9">
   <subfield code="a">economic research</subfield>
   <subfield code="2">eczenas</subfield>
  </datafield>
  <datafield tag="650" ind1="0" ind2="9">
   <subfield code="a">economics</subfield>
   <subfield code="2">eczenas</subfield>
  </datafield>
  <datafield tag="655" ind1=" " ind2="9">
   <subfield code="a">professional journals</subfield>
   <subfield code="2">eczenas</subfield>
  </datafield>
  <datafield tag="710" ind1="2" ind2=" ">
   <subfield code="a">Deutsches Institut für Wirtschaftsforschung</subfield>
   <subfield code="7">ko2002152169</subfield>
  </datafield>
  <datafield tag="710" ind1="2" ind2=" ">
   <subfield code="a">Institut für Konjunkturforschung (Německo)</subfield>
   <subfield code="7">ko2002152168</subfield>
  </datafield>
  <datafield tag="780" ind1="0" ind2="4">
   <subfield code="t">Vierteljahrshefte zur Konjunkturforschung, Teil A</subfield>
  </datafield>
  <datafield tag="780" ind1="0" ind2="4">
   <subfield code="t">Vierteljahrshefte zur Konjunkturforschung, Teil B</subfield>
  </datafield>
  <datafield tag="910" ind1=" " ind2=" ">
   <subfield code="a">ABA006</subfield>
   <subfield code="b">B1316</subfield>
   <subfield code="r">1966-67,75-84</subfield>
   <subfield code="t">p</subfield>
  </datafield>
  <datafield tag="993" ind1=" " ind2=" ">
   <subfield code="a">000018615</subfield>
  </datafield>
  <datafield tag="996" ind1=" " ind2=" ">
   <subfield code="1">PTOCN</subfield>
   <subfield code="3">B1316</subfield>
   <subfield code="4">N:P; PC=2417/72</subfield>
   <subfield code="5">3142340862</subfield>
   <subfield code="7">H. 1-4 (1967)</subfield>
   <subfield code="8">20220314</subfield>
   <subfield code="a">1967</subfield>
   <subfield code="b">1967</subfield>
   <subfield code="c">1-4</subfield>
   <subfield code="f">95</subfield>
   <subfield code="h">H. 1-4 (1967)</subfield>
   <subfield code="l">UEP01</subfield>
   <subfield code="m">ISSBD</subfield>
   <subfield code="q">Točná</subfield>
   <subfield code="t">prezenční - lze objednat</subfield>
   <subfield code="u">UEP01</subfield>
   <subfield code="w">20220314</subfield>
  </datafield>
  <datafield tag="996" ind1=" " ind2=" ">
   <subfield code="1">PTOCN</subfield>
   <subfield code="3">B1316</subfield>
   <subfield code="4">N:P; PC=5796/68 (signatura C698)</subfield>
   <subfield code="5">3142340861</subfield>
   <subfield code="7">H. 1-4 (1966)</subfield>
   <subfield code="8">20220314</subfield>
   <subfield code="a">1966</subfield>
   <subfield code="b">1966</subfield>
   <subfield code="c">1-4</subfield>
   <subfield code="f">95</subfield>
   <subfield code="h">H. 1-4 (1966)</subfield>
   <subfield code="l">UEP01</subfield>
   <subfield code="m">ISSBD</subfield>
   <subfield code="q">Točná</subfield>
   <subfield code="t">prezenční - lze objednat</subfield>
   <subfield code="u">UEP01</subfield>
   <subfield code="w">20220314</subfield>
  </datafield>
  <datafield tag="996" ind1=" " ind2=" ">
   <subfield code="1">PTOCN</subfield>
   <subfield code="3">B1316</subfield>
   <subfield code="5">50-12671</subfield>
   <subfield code="7">H. 1-4 (1975)</subfield>
   <subfield code="8">20040815</subfield>
   <subfield code="a">1975</subfield>
   <subfield code="b">1975</subfield>
   <subfield code="c">1-4</subfield>
   <subfield code="f">95</subfield>
   <subfield code="h">H. 1-4 (1975)</subfield>
   <subfield code="l">UEP01</subfield>
   <subfield code="m">ISSBD</subfield>
   <subfield code="q">Točná</subfield>
   <subfield code="t">prezenční - lze objednat</subfield>
   <subfield code="u">UEP01</subfield>
  </datafield>
  <datafield tag="996" ind1=" " ind2=" ">
   <subfield code="1">PTOCN</subfield>
   <subfield code="3">B1316</subfield>
   <subfield code="5">50-12672</subfield>
   <subfield code="7">H. 1-4 (1976)</subfield>
   <subfield code="8">20040815</subfield>
   <subfield code="a">1976</subfield>
   <subfield code="b">1976</subfield>
   <subfield code="c">1-4</subfield>
   <subfield code="f">95</subfield>
   <subfield code="h">H. 1-4 (1976)</subfield>
   <subfield code="l">UEP01</subfield>
   <subfield code="m">ISSBD</subfield>
   <subfield code="q">Točná</subfield>
   <subfield code="t">prezenční - lze objednat</subfield>
   <subfield code="u">UEP01</subfield>
  </datafield>
  <datafield tag="996" ind1=" " ind2=" ">
   <subfield code="1">PTOCN</subfield>
   <subfield code="3">B1316</subfield>
   <subfield code="5">50-12673</subfield>
   <subfield code="7">H. 1-4 (1977)</subfield>
   <subfield code="8">20040815</subfield>
   <subfield code="a">1977</subfield>
   <subfield code="b">1977</subfield>
   <subfield code="c">1-4</subfield>
   <subfield code="f">95</subfield>
   <subfield code="h">H. 1-4 (1977)</subfield>
   <subfield code="l">UEP01</subfield>
   <subfield code="m">ISSBD</subfield>
   <subfield code="q">Točná</subfield>
   <subfield code="t">prezenční - lze objednat</subfield>
   <subfield code="u">UEP01</subfield>
  </datafield>
  <datafield tag="996" ind1=" " ind2=" ">
   <subfield code="1">PTOCN</subfield>
   <subfield code="3">B1316</subfield>
   <subfield code="5">50-12674</subfield>
   <subfield code="7">H. 1-4 (1978)</subfield>
   <subfield code="8">20040815</subfield>
   <subfield code="a">1978</subfield>
   <subfield code="b">1978</subfield>
   <subfield code="c">1-4</subfield>
   <subfield code="f">95</subfield>
   <subfield code="h">H. 1-4 (1978)</subfield>
   <subfield code="l">UEP01</subfield>
   <subfield code="m">ISSBD</subfield>
   <subfield code="q">Točná</subfield>
   <subfield code="t">prezenční - lze objednat</subfield>
   <subfield code="u">UEP01</subfield>
  </datafield>
  <datafield tag="996" ind1=" " ind2=" ">
   <subfield code="1">PTOCN</subfield>
   <subfield code="3">B1316</subfield>
   <subfield code="5">50-12675</subfield>
   <subfield code="7">H. 1-4 (1979)</subfield>
   <subfield code="8">20040815</subfield>
   <subfield code="a">1979</subfield>
   <subfield code="b">1979</subfield>
   <subfield code="c">1-4</subfield>
   <subfield code="f">95</subfield>
   <subfield code="h">H. 1-4 (1979)</subfield>
   <subfield code="l">UEP01</subfield>
   <subfield code="m">ISSBD</subfield>
   <subfield code="q">Točná</subfield>
   <subfield code="t">prezenční - lze objednat</subfield>
   <subfield code="u">UEP01</subfield>
  </datafield>
  <datafield tag="996" ind1=" " ind2=" ">
   <subfield code="1">PTOCN</subfield>
   <subfield code="3">B1316</subfield>
   <subfield code="5">50-12676</subfield>
   <subfield code="7">H. 1-4 (1980)</subfield>
   <subfield code="8">20040815</subfield>
   <subfield code="a">1980</subfield>
   <subfield code="b">1980</subfield>
   <subfield code="c">1-4</subfield>
   <subfield code="f">95</subfield>
   <subfield code="h">H. 1-4 (1980)</subfield>
   <subfield code="l">UEP01</subfield>
   <subfield code="m">ISSBD</subfield>
   <subfield code="q">Točná</subfield>
   <subfield code="t">prezenční - lze objednat</subfield>
   <subfield code="u">UEP01</subfield>
  </datafield>
  <datafield tag="996" ind1=" " ind2=" ">
   <subfield code="1">PTOCN</subfield>
   <subfield code="3">B1316</subfield>
   <subfield code="5">50-12677</subfield>
   <subfield code="7">H. 1-4 (1981)</subfield>
   <subfield code="8">20040815</subfield>
   <subfield code="a">1981</subfield>
   <subfield code="b">1981</subfield>
   <subfield code="c">1-4</subfield>
   <subfield code="f">95</subfield>
   <subfield code="h">H. 1-4 (1981)</subfield>
   <subfield code="l">UEP01</subfield>
   <subfield code="m">ISSBD</subfield>
   <subfield code="q">Točná</subfield>
   <subfield code="t">prezenční - lze objednat</subfield>
   <subfield code="u">UEP01</subfield>
  </datafield>
  <datafield tag="996" ind1=" " ind2=" ">
   <subfield code="1">PTOCN</subfield>
   <subfield code="3">B1316</subfield>
   <subfield code="5">50-12678</subfield>
   <subfield code="7">H. 1-4 (1982)</subfield>
   <subfield code="8">20040815</subfield>
   <subfield code="a">1982</subfield>
   <subfield code="b">1982</subfield>
   <subfield code="c">1-4</subfield>
   <subfield code="f">95</subfield>
   <subfield code="h">H. 1-4 (1982)</subfield>
   <subfield code="l">UEP01</subfield>
   <subfield code="m">ISSBD</subfield>
   <subfield code="q">Točná</subfield>
   <subfield code="t">prezenční - lze objednat</subfield>
   <subfield code="u">UEP01</subfield>
  </datafield>
  <datafield tag="996" ind1=" " ind2=" ">
   <subfield code="1">PTOCN</subfield>
   <subfield code="3">B1316</subfield>
   <subfield code="5">50-12679</subfield>
   <subfield code="7">H. 1-4 (1983)</subfield>
   <subfield code="8">20040815</subfield>
   <subfield code="a">1983</subfield>
   <subfield code="b">1983</subfield>
   <subfield code="c">1-4</subfield>
   <subfield code="f">95</subfield>
   <subfield code="h">H. 1-4 (1983)</subfield>
   <subfield code="l">UEP01</subfield>
   <subfield code="m">ISSBD</subfield>
   <subfield code="q">Točná</subfield>
   <subfield code="t">prezenční - lze objednat</subfield>
   <subfield code="u">UEP01</subfield>
  </datafield>
  <datafield tag="996" ind1=" " ind2=" ">
   <subfield code="1">PTOCN</subfield>
   <subfield code="3">B1316</subfield>
   <subfield code="5">50-12680</subfield>
   <subfield code="7">H. 1-4 (1984)</subfield>
   <subfield code="8">20040815</subfield>
   <subfield code="a">1984</subfield>
   <subfield code="b">1984</subfield>
   <subfield code="c">1-4</subfield>
   <subfield code="f">95</subfield>
   <subfield code="h">H. 1-4 (1984)</subfield>
   <subfield code="l">UEP01</subfield>
   <subfield code="m">ISSBD</subfield>
   <subfield code="q">Točná</subfield>
   <subfield code="t">prezenční - lze objednat</subfield>
   <subfield code="u">UEP01</subfield>
  </datafield>
 </record>
</collection>
